| 000 | 01111cam a2200313 i 4500 | ||
|---|---|---|---|
| 001 | 29625 | ||
| 003 | Mx-PuUPA | ||
| 005 | 20230527124827.0 | ||
| 008 | 140415s1993 sp fr 000 0 eng d | ||
| 017 | _aM-5637-1993 | ||
| 020 | _a8488562039 | ||
| 040 |
_aMx-PuUPA _bspa _cMx-PuUPA _dMx-PuUPA _erda |
||
| 041 | 0 | _aeng | |
| 100 | 1 |
_aRosensohn, Nicole, _914123 _eautor |
|
| 245 | 1 | 0 |
_aLatin America, facing contradictions and hopes / _cNicole Rosensohn and Bertrand Schneider ; translation, Ann Johnston |
| 264 | 1 |
_aBilbao : _bFundación BBC, _bThe Club of Rome, _c1993 |
|
| 300 |
_a143 páginas ; _c23 cm |
||
| 336 |
_2rdacontent _atexto _btxt |
||
| 337 |
_2rdamedia _asin medio _bn |
||
| 338 |
_2rdacarrier _avolumen _bnc |
||
| 650 | 7 |
_2armarc _aDesarrollo económico y social _zAmérica Latina |
|
| 651 | 4 |
_aAmérica Latina _xCondiciones económicas _y1982 |
|
| 651 | 4 |
_aAmérica Latina _xCondiciones sociales _y1982 |
|
| 700 | 1 |
_aSchneider, Bertrand, _eautor |
|
| 700 | 1 |
_aJohnston, Ann, _etraductor |
|
| 942 |
_2ddc _cLI _h330.98 _iR788 |
||
| 999 |
_c29625 _d29625 |
||